[Event "MGC x LucasXavier"]
[Site "http://www.queenalice.com/game.php?id=104432"]
[Date "2006.9.10"]
[Round "-"]
[White "Marcellus"]
[Black "lucasxavier"]
[Result "1-0"]
[WhiteElo "1681"]
[BlackElo "1441"]

1. e4 e5 2. Nf3 Qf6 3. Nc3 d6 4. d4 exd4 5. Bg5 Qg6 6. Qxd4 c5 7. Qe3 f6 8. Bf4
Bg4 9. Nb5 Na6 10. O-O-O O-O-O 11. Bxd6 Bxd6 12. Nxd6+ Kb8 13. Bxa6 bxa6 14.
Qb3+ Kc7 15. Qb7# 1-0

[Event "Challenge"]
[Site "http://www.queenalice.com/game.php?id=106065"]
[Date "2006.9.15"]
[Round "-"]
[White "lucasxavier"]
[Black "marcosbratz"]
[Result "0-1"]
[WhiteElo "1390"]
[BlackElo "1396"]

1. e4 e5 2. Qh5 Nc6 3. Bc4 Qe7 4. Nh3 Na5 5. b3 Nxc4 6. bxc4 d6 7. Ba3 Be6 8. d3
O-O-O 9. O-O g6 10. Qg5 Qd7 11. Nc3 Bxh3 12. gxh3 Qxh3 13. Nb5 Be7 14. Nxa7+ Kb8
15. Qg2 Qxg2+ 16. Kxg2 Kxa7 17. Rab1 b6 0-1

[Event "Challenge"]
[Site "http://www.queenalice.com/game.php?id=131137"]
[Date "2006.11.18"]
[Round "-"]
[White "CHUVARJ"]
[Black "lucasxavier"]
[Result "0-1"]
[WhiteElo "981"]
[BlackElo "1482"]

1. b4 e5 2. e4 d5 3. Bb5+ c6 4. Ba4 b5 5. Bb3 dxe4 6. Qe2 Bf5 7. Nc3 Qd4 8. d3
Qxc3+ 9. Kf1 Qxa1 10. dxe4 Bxb4 11. exf5 Qxc1+ 12. Qe1 Bxe1 13. Ke2 e4 14. c4
bxc4 15. Bxc4 Qxc4+ 16. Kxe1 Qxa2 17. Ne2 Na6 18. h4 Rb8 19. f3 Rb1+ 20. Kf2
Rxh1 21. fxe4 Qc4 22. h5 Qxe4 23. g3 Rh2+ 24. Ke1 Qxe2# 0-1

[Event "Let's Play Chess!"]
[Site "http://www.queenalice.com/game.php?id=160894"]
[Date "2007.1.30"]
[Round "-"]
[White "Moondawg"]
[Black "lucasxavier"]
[Result "1-0"]
[WhiteElo "1622"]
[BlackElo "1440"]

1. e4 d5 2. exd5 Qxd5 3. Nc3 Qe5+ 4. Be2 Qe6 5. Nf3 Qg6 6. g3 Nc6 7. Nb5 Kd8 8.
d4 Nb4 9. Bd3 Nxd3+ 10. cxd3 Bg4 11. h3 Qh5 12. Qc2 Bxf3 13. Qxc7+ Ke8 14. Qc5
Qg6 15. Nc7+ Kd8 16. Nxa8 Kd7 17. Qc7+ Ke6 18. O-O Kf6 19. Qb8 1-0

[Event "AUTO-INT-327"]
[Site "http://www.queenalice.com/game.php?id=160956"]
[Date "2007.1.30"]
[Round "1"]
[White "lucasxavier"]
[Black "Mikalus"]
[Result "0-1"]
[WhiteElo "1410"]
[BlackElo "1722"]

1. e3 e5 2. Nf3 Nc6 3. Nc3 Nf6 4. Bc4 Bb4 5. Ng5 O-O 6. Bxf7+ Rxf7 7. Nxf7 Kxf7
8. a3 Ba5 9. b4 Bb6 10. f4 exf4 11. exf4 d6 12. h3 Nd4 13. d3 Qe7+ 14. Ne2 Bf5
15. c3 Nc6 16. g4 Bd7 17. d4 Re8 18. b5 Na5 19. a4 Ne4 20. O-O Qh4 21. Qd3 c6
22. f5 Kg8 23. Bf4 d5 0-1

[Event "AUTO-INT-327"]
[Site "http://www.queenalice.com/game.php?id=160957"]
[Date "2007.1.30"]
[Round "1"]
[White "Mikalus"]
[Black "lucasxavier"]
[Result "1-0"]
[WhiteElo "1702"]
[BlackElo "1430"]

1. e4 d5 2. exd5 Qxd5 3. Nc3 Qe5+ 4. Be2 e6 5. Nf3 Qf6 6. d4 Qg6 7. O-O e5 8.
Nxe5 Qf6 9. Ne4 Qh4 10. Bd3 Bf5 11. Bg5 Bg4 12. Nxg4 Qh5 13. Ngf6+ gxf6 14. Qxh5
fxg5 15. Nxg5 Nh6 16. Rfe1+ Kd7 17. Nxf7 Nxf7 18. Qxf7+ 1-0

[Event "AUTO-INT-327"]
[Site "http://www.queenalice.com/game.php?id=160958"]
[Date "2007.1.30"]
[Round "1"]
[White "lucasxavier"]
[Black "Moondawg"]
[Result "0-1"]
[WhiteElo "1424"]
[BlackElo "1680"]

1. g3 e5 2. Bg2 d5 3. d4 e4 4. f3 Nf6 5. fxe4 dxe4 6. Nc3 Bb4 7. a3 Bxc3+ 8.
bxc3 O-O 9. Nh3 h6 10. c4 c6 11. c3 Re8 12. e3 Be6 13. c5 Qd7 14. Nf2 Bc4 15.
Bh3 Be6 16. Bxe6 Qxe6 17. O-O Nd5 0-1

[Event "AUTO-INT-327"]
[Site "http://www.queenalice.com/game.php?id=160959"]
[Date "2007.1.30"]
[Round "1"]
[White "Moondawg"]
[Black "lucasxavier"]
[Result "1-0"]
[WhiteElo "1634"]
[BlackElo "1417"]

1. e4 d5 2. exd5 Qxd5 3. Nc3 Qe6+ 4. Be2 Qc6 5. Bb5 Qxb5 6. Nxb5 Na6 7. d4 c6 8.
Nc3 Bf5 9. a3 O-O-O 10. Be3 e5 11. d5 cxd5 12. Bxa7 d4 13. Na4 d3 14. cxd3 Rxd3
15. Qc2+ Nc5 16. Nxc5 Re3+ 17. fxe3 Bxc2 18. Rc1 Bf5 19. Ne6+ Kd7 20. Nxf8+ Ke7
21. Nxh7 Rxh7 22. Rc7+ Kd6 23. Rxf7 Nh6 24. Rxb7 Be4 25. Nf3 Bxb7 26. Bb8+ Ke6
27. Bxe5 1-0

[Event "AUTO-INT-327"]
[Site "http://www.queenalice.com/game.php?id=160960"]
[Date "2007.1.30"]
[Round "1"]
[White "lucasxavier"]
[Black "ChrisDavison102"]
[Result "0-1"]
[WhiteElo "1430"]
[BlackElo "1924"]

1. g3 Nf6 2. Bg2 d5 3. c3 c5 4. Qa4+ Bd7 5. Qb3 Qc8 6. Nh3 Nc6 7. O-O Bxh3 8.
Bxh3 Qxh3 9. Qxb7 Qc8 10. Qb5 Rb8 11. Qxc5 e5 12. Qe3 Qh3 13. d4 Ng4 14. Qd3
Qxh2# 0-1

[Event "AUTO-INT-327"]
[Site "http://www.queenalice.com/game.php?id=160961"]
[Date "2007.1.30"]
[Round "1"]
[White "ChrisDavison102"]
[Black "lucasxavier"]
[Result "1-0"]
[WhiteElo "1856"]
[BlackElo "1401"]

1. e4 d5 2. exd5 Qxd5 3. Nc3 Qe6+ 4. Qe2 Qxe2+ 5. Bxe2 Nc6 6. Nf3 Nb4 7. Bd1 Bf5
8. d3 a6 9. a3 Nc6 10. O-O e6 11. Re1 O-O-O 12. Ng5 Nh6 13. Nge4 Nd4 14. Ng3 Bg4
15. Bxh6 Bxd1 16. Raxd1 gxh6 17. Nge2 Nxc2 18. Rf1 h5 19. d4 c6 20. Rd2 Nxa3 21.
bxa3 Bxa3 22. Ra1 Bb4 23. Rc1 Ba3 24. Rcc2 Bb4 25. Rb2 Ba5 26. Ra2 b6 27. Kf1
Rhg8 28. g3 h6 29. h4 1-0

[Event "Challenge"]
[Site "http://www.queenalice.com/game.php?id=166488"]
[Date "2007.2.10"]
[Round "-"]
[White "Macuei"]
[Black "lucasxavier"]
[Result "1-0"]
[WhiteElo "1671"]
[BlackElo "1406"]

1. e4 Nc6 2. d4 e5 3. Nf3 d6 4. Bb5 Qd7 5. d5 a6 6. dxc6 bxc6 7. Bc4 Nf6 8. Ng5
d5 9. exd5 cxd5 10. Bb3 Qb5 11. c4 dxc4 12. Ba4 Qxa4 13. Qxa4+ Bd7 14. Qxc4 Be6
15. Qc6+ Bd7 16. Qxa8+ Ke7 17. Qxa6 g6 18. b3 h6 19. Ba3+ Ke8 20. Qa8+ 1-0

[Event "AUTO-INT-702"]
[Site "http://www.queenalice.com/game.php?id=313221"]
[Date "2007.11.30"]
[Round "1"]
[White "lucasxavier"]
[Black "Mikalus"]
[Result "0-1"]
[WhiteElo "1377"]
[BlackElo "1806"]

1. Nf3 c5 2. g3 Nc6 3. Bg2 e6 4. h4 Nf6 5. c3 d5 6. e3 Bd6 7. d4 cxd4 8. exd4 e5
9. dxe5 Nxe5 10. Nxe5 Bxe5 0-1